Les noms de tous les Golden Boy depuis sa création en 2003 - Statistiques

Statistiques générales
  • Ce quiz a été pris 119 fois
  • Le résultat moyen est 11 sur 20
Statistiques - réponses
Hint Réponse % Correct
2021 Pedri Barcelone
98%
2022 Gavi Barcelone
95%
2017 Mbappé Monaco
93%
2005 Messi Barcelone
79%
2018 De ligt Ajax
78%
2013 Pogba Juventus
77%
2019 Felix Benfica
73%
2020 Haaland Dortmund
72%
2012 Isco Malaga
58%
2007 Aguero* At. Madrid
54%
2015 Martial Man. United
54%
2004 Rooney* Man. United
53%
2011 Gotze Dortmund
45%
2014 Sterling Liverpool
40%
2016 Sanches Bayern
35%
2009 Pato Ac Milan
31%
2010 Balotelli Man. City
29%
2006 Fabregas Arsenal
28%
2008 Andersson* Man. United
16%
2003 Van Der Vaart* Ajax
13%
Aucun quiz correspondant
Distribution des résultats
% des personnes avec chaque résultat
Percentile par nombre de réponses
Votre historique - résultats
Vous n’avez pas pris ce quiz